000 00898nam a2200217Ia 4500
001 5629
003 GE_BSU
008 181216s||||||||xx |||||||||||||| ||und||
040 _cGE_BSU
080 _a512(075.3)+517(075.3)
100 _aКремор, В.С.
245 _aАлгебра и начала система проведения занятии на подготовительных отделениях вузов
245 _bУчеб.пособие для слушателей подготов.отдел пед. ин-тов
245 _cПод ред. А .Суходский
260 _aМосква
260 _bВысшая школа
260 _c1981
300 _a335стр.22см.
653 _aАлгебра и начала система проведения занятии на подготовительных отделениях вузов
942 _cBK
999 _c39073
_d39073